000 00464nam a2200181Ia 4500
005 20250326124658.0
008 250326s9999 xx 000 0 und d
037 _aTextbook
040 _aFMSL
_beng
_cFMSL
041 _aeng
_2eng
084 _aX:87 K31
_qFMSL
100 _aTead O
_9286386
245 0 _aArt of leadership
_cTead O
260 _aNY
_bNY, McGraw-Hill
_c1963
300 _a303p
942 _cTB
_hX:87 K31
999 _c1274713
_d1274713